000
00298 a2200157 4500
001
160841
020
_a
040
_c
Magnum
100
_a
Rabelo, Gabriela
240
1
0
_a
A obra-prima
_l
por
245
1
0
_a
A obra-prima
362
0
_a
1899
440
1
_a
FTD
697
_a
IJ/GERAL
942
_c
BK
999
_c
160841
_d
160841